Central Library OPAC University of Rajshahi

Freedom and death : (Record no. 22905)

MARC details
000 -LEADER
fixed length control field 00760nam a22002411 4500
001 - CONTROL NUMBER
control field 22905
003 - CONTROL NUMBER IDENTIFIER
rucl marc code BD-RjUL
005 - DATE AND TIME OF LATEST TRANSACTION
control field 20211209000852.0
008 - FIXED-LENGTH DATA ELEMENTS--GENERAL INFORMATION
fixed length control field 140309s1966 enk 000 1 eng
035 ## - SYSTEM CONTROL NUMBER
System control number (BD-RjUL)22970
System control number (OCoLC)6639131
040 ## - CATALOGING SOURCE
Original cataloging agency DLC
Transcribing agency OAkU
Modifying agency DLC
-- BD-RjUL
Language of cataloging eng
041 1# - LANGUAGE CODE
Language code of text/sound track or separate title enggre
082 00 - DEWEY DECIMAL CLASSIFICATION NUMBER
Classification number 889
Author mark and year KAF 1966
100 1# - MAIN ENTRY--PERSONAL NAME
Personal name Kazantzakis, Nikos,
Dates associated with a name 1883-1957.
9 (RLIN) 69696
245 10 - TITLE STATEMENT
Title Freedom and death :
Remainder of title a novel /
Statement of responsibility, etc. English translation by Jonathan Griffin.
260 ## - PUBLICATION, DISTRIBUTION, ETC. (IMPRINT)
Place of publication, distribution, etc. Oxford ;
Name of publisher, distributor, etc. Bruno Cassirer ;
Place of publication, distribution, etc. London :
Name of publisher, distributor, etc. Faber,
Date of publication, distribution, etc. 1966.
300 ## - PHYSICAL DESCRIPTION
Pagination 472 p. ;
Size 19 cm.
500 ## - GENERAL NOTE
General note Translation of Ho Kapetan Michalēs (romanized form)
651 #0 - SUBJECT ADDED ENTRY--GEOGRAPHIC NAME
Geographic name Crete (Greece)
General subdivision History
Form subdivision Fiction.
9 (RLIN) 70628
942 ## - ADDED ENTRY ELEMENTS (KOHA)
Source of classification or shelving scheme Dewey Decimal Classification
Koha item type Books
Holdings
Lost status Source of classification or shelving scheme Damaged status Not for loan Collection code Permanent Location Current Location Shelving location Date acquired Source of acquisition Cost, normal purchase price Total Checkouts Full call number Date last seen Copy number Koha item type
  Dewey Decimal Classification     Fiction Central Library, University of Rajshahi Central Library, University of Rajshahi   05/01/1971 Mohiuddin + sons 9.37   889 KAF 1966 09/03/2014 C-2 Books
  Dewey Decimal Classification   Not For Loan Fiction Central Library, University of Rajshahi Central Library, University of Rajshahi Reading Room 14/09/1970 Mohiuddin & sons 9.37   889 KAF 1966 29/01/2017 C-1 Books